[Event "Stay Safe Play From Home 224"]
[Site "T#646781Emanuel Laske"]
[Date "2020.06.14"]
[Round "9"]
[White "Haxhi Baha"]
[Black "EL sanbary"]
[Result "0-1"]
[WhiteElo "2001"]
[BlackElo "1951"]
[Annotator "TA"]
[PlyCount "56"]
[EventDate "2020.06.14"]
[EventType "swiss (blitz)"]

{[%evp 13,56,12,8,-96,-101,-166,22,19,148,5,265,-1,79,-17,28,0,64,45,119,118,144,37,79,86,167,168,192,194,191,7,5,6,3,-78,-66,-92,-56,-42,-26,0,271,31,31,-6,1028]} 1. e4 c5 2. Nf3 g6 3. d4 cxd4 4. Nxd4 Bg7 5. Nc3 Nc6 6. Be3 Nf6 7. Be2 O-O 8. g4 {B34: Sicilian: Accelerated Dragon with 5 Nc3: sidelines.} (8. Nb3 $11) 8... d5 $17 9. g5 {[#]} (9. Nxc6 $17 {is a better defense.} bxc6 10. e5) 9... Ne8 $146 (9... Nxe4 $19 {Threatens to win with ...Nxd4.} 10. Nxe4 dxe4 11. Nxc6 bxc6 12. Qxd8 Rxd8) ({Predecessor:} 9... Nxe4 10. Nxe4 dxe4 11. c3 Nxd4 12. Bxd4 Bxd4 13. Qxd4 Qxd4 14. cxd4 b6 15. Rf1 Bb7 {0-1 (46) Baratta,D (1201)-Rebollo,A (1545) Montevideo 2020}) 10. Nxd5 $11 Qa5+ (10... Nd6 $11) 11. b4 (11. c3 $16) 11... Nxb4 $2 {[%mdl 8192] [#]} (11... Qd8 $11) 12. Nxe7+ $2 (12. Bd2 $1 $18 {[%cal Rd2b4] and the rest is easy.} Nd3+ 13. cxd3) 12... Kh8 $16 {[#]} 13. c3 (13. Qd2 $1 $16) 13... Nc6 14. Nexc6 (14. Nd5 {keeps more tension.} f5 15. Nb3 Qd8 16. Qc2 fxe4 17. Rd1) 14... bxc6 (14... Qxc3+ $11 15. Bd2 Qh3) 15. Qd2 $36 {[%mdl 2048] White has good play.} Nc7 ({Better is} 15... Bh3 $14) 16. O-O Ne6 17. f4 ({White should play} 17. Nxc6 $16 Qc7 18. Nd4) 17... c5 18. Nb3 Qb6 (18... Qxc3 $16 19. Qxc3 Bxc3) 19. f5 $18 gxf5 20. exf5 Rd8 21. Qc2 $2 (21. Qe1 $18 Nxg5 22. Bxg5 c4+ 23. Rf2) 21... Nxg5 $1 $11 22. Bxg5 ({Much weaker is} 22. Nxc5 Bb7 $17) 22... c4+ $1 23. Kg2 (23. Kh1 $11 {keeps the balance.} cxb3 24. axb3 Bb7+ 25. Bf3 Bxf3+ 26. Rxf3) 23... cxb3 24. axb3 Bb7+ 25. Bf3 Bxf3+ 26. Rxf3 {Hoping for f6.} ({Don't play} 26. Kxf3 Rdc8 $17) 26... Qc6 $2 {[%mdl 8192]} (26... Rg8 $11 {and Black stays safe.} 27. Kh1 Rae8) 27. f6 $2 (27. Bxd8 $18 Rxd8 28. Re1 (28. Rxa7 $2 Bd4 $19)) 27... Bf8 $14 28. Qf5 Rd3 $2 {[%mdl 40960] Accuracy: White = 24%, Black = 26%. . Loss on time!?} (28... Rd5 $11 29. Qg4 Re8) 0-1

[Event "Stay Safe Play From Home 224"]
[Site "T#646781Emanuel Laske"]
[Date "2020.06.14"]
[Round "9"]
[White "Tunca"]
[Black "Lazieri3"]
[Result "1/2-1/2"]
[WhiteElo "1826"]
[BlackElo "2132"]
[Annotator "TA"]
[PlyCount "95"]
[EventDate "2020.06.14"]
[EventType "swiss (blitz)"]

{[%evp 11,94,44,54,48,74,63,67,33,217,237,219,132,268,268,303,294,282,149,144,38,42,-18,141,127,139,0,0,-129,-134,-136,-91,-91,0,-112,-112,-109,-104,-105,3600,3388,29988,29988,29988,29989,29991,29991,29991,29991,29992,29992,29992,29992,29992,29992,29993,29991,29992,29993,29993,29991,29991,29992,29992,29991,29991,29991,29991,29992,29993,29993,29995,29996,29997,29998,29998,29998,29998,29998,29998,29998,29999,29999,29999,29999,29999]} 1. e4 c6 2. d4 d5 3. Nc3 dxe4 4. Nxe4 Nd7 5. Nf3 Ndf6 6. Ng3 Bg4 7. Be2 {B17: Caro-Kann: Modern Line (4...Nd7).} Nh5 {[#]} 8. Ne4 $146 ({Predecessor:} 8. Nxh5 Bxh5 9. O-O e6 10. c4 Nf6 11. Be3 Bd6 12. h3 Qc7 13. Re1 O-O 14. Rc1 Rfd8 {1-0 (76) Rantanen,V (1985)-Reuben,S (2074) Novi Sad 2017}) 8... Ngf6 9. h3 {White is slightly better.} Nxe4 $2 (9... Bxf3 $1 $14 10. Bxf3 (10. gxf3 e6 $11) 10... Nxe4 11. Bxe4 Nf6) 10. hxg4 $18 Nhf6 11. Ne5 Nd5 (11... Nd7 $16 {was worth a try.}) 12. Bf3 Nef6 13. c4 Nb6 {[%cal Bd5b6,Bb6c4,Bc4d2][%mdl 32]} 14. Be3 (14. g5 $18) 14... Nfd7 $16 {and if ...Nxe5 works, Black does fine.} 15. Bf4 (15. Qb3 $16) 15... Nxe5 $14 16. Bxe5 (16. dxe5 $14 e6 17. b3) 16... f6 $2 {[#]} (16... Nxc4 $11 17. Qa4 Nxe5 18. dxe5 Qb6) 17. Bg3 $1 $16 Nxc4 {[#]} 18. b3 (18. O-O $1 $16) 18... Qa5+ $11 19. Kf1 (19. Ke2 $1 $11 Nd6 20. Kf1) 19... Nd2+ $17 20. Kg1 Nxf3+ 21. Qxf3 Qd5 ({Black should play} 21... Rd8 $17 22. Rd1 g6) 22. Qd3 (22. Qxd5 $11 cxd5 23. Rc1) 22... O-O-O 23. Rxh7 Rxh7 24. Qxh7 Qc4 $2 {[%mdl 8192]} (24... Qxd4 $17 25. Qf5+ Qd7) 25. bxc4 $18 e5 26. Qf5+ {White mates.} Kb8 27. dxe5 g6 28. exf6+ Ka8 29. Qxg6 Bc5 30. Re1 a6 31. f7 Ka7 32. Qe6 Bb4 33. Re2 Rd1+ 34. Kh2 Rd8 35. Bh4 Rh8 36. Kg3 Ba5 37. Qe3+ Bb6 38. c5 Bc7+ 39. f4 Bd8 40. Be7 Bxe7 41. Qxe7 Rh3+ 42. Kxh3 a5 43. f8=Q Ka6 44. Qff7 {[%csl Gf7][%cal Re7b7]} Kb5 45. Qxb7+ Ka4 46. Qxc6+ Ka3 47. Qb6 {[%cal Rb6a5]} a4 48. Qd5 {Accuracy: White = 44%, Black = 32%.} 1/2-1/2

[Event "Stay Safe Play From Home 224"]
[Site "T#646781Emanuel Laske"]
[Date "2020.06.14"]
[Round "9"]
[White "Edmatuag"]
[Black "Sfantul321"]
[Result "0-1"]
[WhiteElo "1735"]
[BlackElo "1956"]
[Annotator "NA RC"]
[PlyCount "104"]
[EventDate "2020.06.14"]
[EventType "swiss (blitz)"]

1. e4 {[%emt 0:00:01]} g6 {[%emt 0:00:00]} 2. Nf3 {[%emt 0:00:01]} Bg7 {[%emt 0:00:00]} 3. d3 {[%emt 0:00:01]} c5 {[%emt 0:00:01]} 4. Nc3 {[%emt 0:00:00]} Nc6 {[%emt 0:00:00]} 5. Be3 {[%emt 0:00:01]} d6 {[%emt 0:00:00]} 6. Qd2 {[%emt 0:00:01]} Nd4 {[%emt 0:00:01]} 7. Bxd4 {[%emt 0:00:02]} cxd4 {[%emt 0:00:01]} 8. Ne2 {[%emt 0:00:00]} e5 {[%emt 0:00:01]} 9. g3 {[%emt 0:00:03]} Bg4 {[%emt 0:00:01]} 10. Bg2 {[%emt 0:00:01]} Ne7 {[%emt 0:00:01]} 11. h3 {[%emt 0:00:01]} Bxf3 {[%emt 0:00:01]} 12. Bxf3 {[%emt 0:00:00]} Qd7 {[%emt 0:00:00]} 13. Bg4 {[%emt 0:00:03]} f5 {[%emt 0:00:01]} 14. exf5 {[%emt 0:00:01]} gxf5 {[%emt 0:00:00]} 15. Qg5 {[%emt 0:00:01]} fxg4 {[%emt 0:00:02]} 16. Qxg7 {[%emt 0:00:01]} Rg8 {[%emt 0:00:01]} 17. Qxh7 {[%emt 0:00:01]} gxh3 {[%emt 0:00:01]} 18. Qxh3 {[%emt 0:00:01]} Qxh3 {[%emt 0:00:02]} 19. Rxh3 {[%emt 0:00:00]} O-O-O {[%emt 0:00:00]} 20. O-O-O {[%emt 0:00:03]} Nc6 {[%emt 0:00:02]} 21. Rdh1 {[%emt 0:00:02]} Rdf8 {[%emt 0:00:01]} 22. f4 {[%emt 0:00:02]} exf4 {[%emt 0:00:02]} 23. Nxf4 {[%emt 0:00:00]} Ne5 {[%emt 0:00:02]} 24. Rh7 {[%emt 0:00:02]} Ng4 {[%emt 0:00:03]} 25. b3 {[%emt 0:00:03]} Nf6 {[%emt 0:00:01]} 26. Re7 {[%emt 0:00:02]} Rxg3 {[%emt 0:00:01]} 27. Rhh7 {[%emt 0:00:02]} Nxh7 {[%emt 0:00:01]} 28. Rxh7 {[%emt 0:00:01]} Rxf4 {[%emt 0:00:01]} 29. Rh8+ {[%emt 0:00:01]} Kc7 {[%emt 0:00:01]} 30. Rh7+ {[%emt 0:00:00]} Kc6 {[%emt 0:00:00]} 31. Rh8 {[%emt 0:00:01]} Rf2 {[%emt 0:00:01]} 32. Kb2 {[%emt 0:00:01]} Rgg2 {[%emt 0:00:02]} 33. Rc8+ {[%emt 0:00:01]} Kd7 {[%emt 0:00:01]} 34. Rc4 {[%emt 0:00:01]} Rd2 {[%emt 0:00:02]} 35. a4 {[%emt 0:00:01]} Rxd3 {[%emt 0:00:02]} 36. b4 {[%emt 0:00:02]} Rdd2 {[%emt 0:00:01]} 37. Kb3 {[%emt 0:00:01]} d3 {[%emt 0:00:01]} 38. cxd3 {[%emt 0:00:02]} Rxd3+ {[%emt 0:00:01]} 39. Rc3 {[%emt 0:00:03]} Rxc3+ {[%emt 0:00:00]} 40. Kxc3 {[%emt 0:00:00]} Ke6 {[%emt 0:00:01]} 41. Kc4 {[%emt 0:00:00]} d5+ {[%emt 0:00:01]} 42. Kb5 {[%emt 0:00:00]} Rc2 {[%emt 0:00:02]} 43. a5 {[%emt 0:00:00]} d4 {[%emt 0:00:02]} 44. a6 {[%emt 0:00:00]} bxa6+ {[%emt 0:00:01]} 45. Kxa6 {[%emt 0:00:00]} Rb2 {[%emt 0:00:01]} 46. Kxa7 {[%emt 0:00:00]} Rxb4 {[%emt 0:00:01]} 47. Ka6 {[%emt 0:00:02]} d3 {[%emt 0:00:01]} 48. Ka5 {[%emt 0:00:00]} Rb1 {[%emt 0:00:00]} 49. Ka4 {[%emt 0:00:01]} d2 {[%emt 0:00:00]} 50. Ka3 {[%emt 0:00:02]} d1=Q {[%emt 0:00:00]} 51. Ka2 {[%emt 0:00:01]} Qc2+ {[%emt 0:00:00]} 52. Ka3 {[%emt 0:00:01]} Rb3+ {[%emt 0:00:00] Time (Lag: Av=0.37s, max=0.8s)} 0-1

[Event "Stay Safe Play From Home 224"]
[Site "T#646781Emanuel Laske"]
[Date "2020.06.14"]
[Round "9"]
[White "Trotsky"]
[Black "Little champs"]
[Result "0-1"]
[WhiteElo "1535"]
[BlackElo "2183"]
[Annotator "TA"]
[PlyCount "74"]
[EventDate "2020.06.14"]
[EventType "swiss (blitz)"]

{[%evp 9,74,65,75,66,68,0,0,0,30,-56,-17,-104,-101,-76,-93,-148,-56,-49,-45,-135,-115,-174,-145,-291,-122,-271,-252,-433,-467,-1025,-1002,-989,-881,-875,-857,-1174,-685,-635,-526,-818,-811,-800,-670,-665,-664,-627,-578,-833,-808,-932,-945,-910,-800,-1231,-1472,-5908,-5636,-29976,-29977,-29988,-29989,-29989,-29990,-29991,-29992,-29992,-29993]} 1. d4 d5 2. e3 c6 3. c4 Nf6 4. Nc3 dxc4 5. Bxc4 g6 {[#]} 6. Qc2 $146 {D10: Slav Defence: 3 cxd5 (without early Nf3) and 3 Nc3.} ({Predecessor:} 6. Nf3 Bg7 7. O-O O-O 8. e4 b5 9. Bd3 b4 10. Na4 Ba6 11. Re1 Bxd3 12. Qxd3 Qa5 13. Qb3 {1-0 (48) Stojanovic,M (2522)-Lemmers,O (2327) Porto Carras 2018}) 6... Bg7 7. Bd3 ({White should try} 7. Nf3 $14) 7... O-O $11 8. Nf3 {The position is equal.} Nbd7 9. Ng5 (9. e4 $11) 9... c5 10. h4 (10. O-O $11) 10... cxd4 $17 11. exd4 e5 12. Be3 (12. d5 $142) 12... exd4 (12... Ng4 $1 $17 13. d5 h6) 13. Bxd4 $15 Re8+ 14. Be3 {White is now going downhill.} (14. Ne2 $15) 14... Ne5 $1 $17 {[%cal Re5d3]} 15. O-O-O (15. Bb5 $17 {is the only way for White.}) 15... Nxd3+ 16. Rxd3 (16. Qxd3 $17 Qxd3 17. Rxd3) 16... Qa5 (16... Qe7 $19 {and Black stays clearly on top. And now ...Bf5 would win.} 17. Bd4 Bf5 {[%mdl 64] Skewer}) 17. h5 {[#]} (17. Qb3 $17 Qc7 18. Rd4) 17... Bf5 $1 $19 {[#] Strongly threatening ...Rxe3.} ({Not} 17... gxh5 18. Rd5 $17) 18. hxg6 $2 (18. Qb3 $1 {[%mdl 512]} Re7 19. Rd4) 18... Bxg6 19. Bd4 (19. Nxf7 $142 Bxf7 20. Rd6) 19... Qxg5+ 20. Be3 Rxe3 21. fxe3 Re8 22. Kb1 Bxd3 23. Qxd3 Qg6 24. e4 Nxe4 25. Nxe4 Qxe4 26. Qxe4 Rxe4 {[%mdl 4096] Endgame KRB-KR} 27. Rd1 h6 28. a3 Re2 {[%mdl 64] Double Attack} 29. Rd8+ Kh7 30. Kc1 Rxb2 31. Rd7 Rxg2 32. Rxb7 h5 33. Rxa7 h4 {Black mates.} 34. Re7 h3 35. Re1 h2 36. Rh1 Rg1+ 37. Rxg1 hxg1=Q+ {Accuracy: White = 11%, Black = 62%.} 0-1

[Event "Stay Safe Play From Home 224"]
[Site "T#646781Emanuel Laske"]
[Date "2020.06.14"]
[Round "9"]
[White "Klasman"]
[Black "SoulofWolf"]
[Result "0-1"]
[WhiteElo "1275"]
[BlackElo "2152"]
[Annotator "TA"]
[PlyCount "66"]
[EventDate "2020.06.14"]
[EventType "swiss (blitz)"]

{[%evp 9,66,3,20,-44,-34,-44,-17,-353,-10,-18,0,0,0,-42,0,0,0,-29,-15,-39,-53,-52,12,-3,-8,-6,50,0,0,0,11,16,93,104,91,86,100,0,0,0,0,0,7,0,0,0,0,0,0,0,0,-25,-39,-52,100,63,56,66,126]} 1. f4 e6 2. e4 d5 3. e5 c5 4. Nf3 Nc6 5. c3 d4 6. cxd4 {C00: French: Unusual White 2nd moves.} (6. Bd3 $11) 6... cxd4 $15 7. Bb5 {[#]} Bc5 $146 ({Predecessor:} 7... Nge7 8. Qa4 Bd7 9. O-O a6 10. Bxc6 Bxc6 11. Qxd4 Nf5 12. Qf2 Rc8 13. d4 Bxf3 14. gxf3 Nxd4 {0-1 (28) Acosta,E (1585)-Davis,J (1603) ICCF email 2014}) 8. d3 $2 {[%mdl 8192]} (8. O-O $11 {and White has nothing to worry.}) 8... Bd7 $2 (8... Qa5+ $19 9. Nbd2 Qxb5) 9. Nbd2 Qb6 10. Bxc6 Bxc6 11. Nb3 Rd8 12. Bd2 Ne7 13. Rc1 (13. O-O $5 {[%cal Rd2a5]} Bb4 14. Bxb4 Qxb4 15. Qd2 Qxd2 16. Nfxd2 $11) 13... Bb4 14. Bxb4 Qxb4+ 15. Qd2 Qxd2+ (15... Qa4 $15) 16. Kxd2 Bxf3 17. gxf3 b6 (17... Nd5 $11) 18. Rc4 Nf5 19. Rhc1 O-O 20. Rc7 a6 (20... Nh4 $11) 21. Rb7 $16 Rb8 {[#]} 22. Rcc7 $1 a5 {[%cal Ba6a5,Ba5a4][%mdl 32] [#]} 23. Rxf7 (23. a4 $1 $16) 23... Rxb7 $11 24. Rxb7 $16 {[%mdl 4096] Endgame Black must now prevent a4. KRN-KRN} a4 25. Nc1 {Threatens to win with Ne2.} Nh4 26. Ne2 Nxf3+ 27. Kc2 Ne1+ 28. Kd2 Nf3+ 29. Kd1 g5 30. Rxb6 gxf4 31. Rxe6 Ng5 $2 (31... Nxh2 $15 32. Rh6 Ng4) 32. Ra6 f3 33. Ng3 Re8 {[%mdl 32768] Accuracy: White = 62%, Black = 55%. . Loss on time!?} (33... Rb8 $14) 0-1